000 00611nam a2200241Ia 4500
003 OSt
005 20220924144057.0
006 a|||||r|||| 00| 0
007 ta
008 220923b |||||||| |||| 00| 0 urd d
020 _c1.50
024 _a311744
037 _cTextual
040 _aARTS
_cARTS
_burd
041 _2urd
_aurd
082 _aO168,1:g(P75), G6
100 _aRoohi Azhar Ali
_9216982
245 0 _aRisala-e-Al-Urooz-o-Al qawafi
260 _c1936
650 _aURDU POETRY
942 _hO168,1:g(P75), G6
_cTEXL
_2CC
999 _c456013
_d456013